Indiana Pacers 2025-2026 Roster - Statistics

General Stats
  • This quiz has been taken 33 times
    16 since last reset
  • The average score is 12 of 17
Answer Stats
Jersey # Pos Answer % Correct
2 G-F Andrew Nembhard
100%
32 C Jay Huff
100%
43 F Pascal Siakam
100%
0 G Tyrese Haliburton
100%
23 G-F Aaron Nesmith
92%
40 C Ivica Zubac
92%
9 G T.J. McConnell
92%
1 F Obi Toppin
85%
5 F Jarace Walker
77%
12 G Johnny Furphy
77%
29 G Quenton Jackson
77%
26 G Ben Sheppard
54%
7 G Kam Jones
54%
11 C Micah Potter
46%
4 G Taelon Peter
31%
55 G Ethan Thompson
23%
24 F Kobe Brown
23%
No matching quizzes found
Score Distribution
Percent of People with Each Score
Percentile by Number Answered
Your Score History
You have not taken this quiz since the last reset